My Chemical Romance: The Black Parade - Statistics

General Stats
  • This quiz has been taken 241 times
  • The average score is 12 of 14
Answer Stats
Hint Answer % Correct
2 Dead!
99%
1 The End.
96%
8 Cancer
84%
5 Welcome to the Black Parade
84%
4 The Sharpest Lives
83%
14 Blood
82%
11 Teenagers
81%
6 I Don't Love You
80%
13 Famous Last Words
79%
7 House of Wolves
79%
3 This Is How I Disappear
79%
9 Mama
78%
12 Disenchanted
76%
10 Sleep
75%
No matching quizzes found
Score Distribution
Percent of People with Each Score
Percentile by Number Answered
Your Score History
You have not taken this quiz